LEADER 00900nam a2200217 i 4500 001 000000119763 003 CaOOAMICUS 005 20220318105023.0 008 091202s1995 it u000 u ita u 013 $a92457 040 $aSeMil$bita 245 10$a3: Scritti mariani, lettere ai catechisti, visite pastorali, preghiere. 264 1$aMolfetta :$bMezzina,$c1995. 300 $a388 p. ;$c22 cm. 773 0 $aBello, Antonio $tScritti di Mons. Antonio Bello.$dMolfetta : Mezzina, 1993-2007.$g3$w()10387 850 $aSeMil 852 $aSeMil$W1$xVenegono$y1$m2F II 12$j74970$B74970$CSeMilBibl$Z2$F86186 $81 961 $aOmaggio: Martini Card. Carlo Maria 996 $6245$a3: Scritti mariani, lettere ai catechisti, visite pastorali, preghiere$9(OLS)http://semarc/title/176098 996 $6264$aMolfetta :$bMezzina$9(OLS)http://semarc/publisher/32520 LEADER 01138nam a2200265 i 4500 001 000000237673 003 CaOOAMICUS 005 20150108000000.0 008 150108s1972 it u000 u ita u 013 $a216578 040 $aSeMil$bita 100 1 $aFoucault, Michel,$d<1926-1984>.$0(OLS)http://semarc/name/730 240 12$aL'ordre du discours.$0(OLS)http://semarc/title/338784 245 12$aL'ordine del discorso /$cMichel Foucault ; Traduzione di Alessandro Fontana. 260 $aTorino :$bGiulio Einaudi,$ccopyr. 1972. 300 $a60 p. ;$c18 cm. 490 0 $aNuovo politecnico ;$v51 650 4$aLinguaggio.$0(OLS)http://semarc/subject/12730 650 4$aLinguaggio - Filosofia.$0(OLS)http://semarc/subject/1247 700 1 $aFontana, Alessandro <1939-2013>.$0(OLS)http://semarc/name/45605 830 0$aNuovo politecnico ;$v51.$0(OLS)http://semarc/title/6899 850 $aSeMil 852 $aSeMil$W1$xVenegono$y1$m3N I 283$j188019$B188019$CSeMilBibl$Z2$F198907 $81 996 $6245$aL'ordine del discorso$9(OLS)http://semarc/title/207021 996 $6260$aTorino :$bGiulio Einaudi$9(OLS)http://semarc/publisher/29810